| 000 | 00572nam a2200169 4500 | ||
|---|---|---|---|
| 008 | 161123b xxu||||| |||| 00| 0 eng d | ||
| 020 | _a0-07-339759-8 | ||
| 082 |
_22008 _aDRef 613 _bH34 |
||
| 245 |
_aHealth / _cedited by Eileen L. Daniel. |
||
| 250 | _a29th edition | ||
| 260 |
_aBoston : _bMcGraw-Hill Higher Education, _cc2008. |
||
| 300 |
_axviii, 189 pages : _billustrations ; _c28 cm. |
||
| 500 | _aIncludes bibliographical references and index. | ||
| 650 | 0 |
_917829 _aHealth _vPeriodicals |
|
| 700 |
_917830 _aDaniel, Eileen L. _eEditor |
||
| 942 |
_2ddc _cDREF |
||
| 999 |
_c5879 _d5879 |
||